000 00555nam a22001697a 4500
005 20251108164121.0
008 250721s1996 xx 000 0 ara d
082 1 4 _a301.072/سام
100 1 _aالسامرائي، فاروق
245 1 0 _aالمنهج الحديث للبحث في العلوم الإنسانية /
264 1 _aعمان :
_bدار الفرقان للنشر و التوزيع،
_c1996.
300 _a185ص
650 1 7 _aالأبحاث الإجتماعية
650 1 7 _aالبحث العلمي
942 _2ddc
_cBK
999 _c4044
_d4044